| 000 | 00814nam a22002297a 4500 | ||
|---|---|---|---|
| 005 | 20100812114028.0 | ||
| 010 | _aENG-99873 | ||
| 020 |
_a9788170640639 _c80.00 |
||
| 020 |
_a8170640636 _c80.00 |
||
| 035 | _aEN-83405 | ||
| 037 | _bDBAD/PUB | ||
| 082 | _a883.08 | ||
| 100 |
_aArchana Kumar _911937 |
||
| 245 |
_aAparthedi: _cby Archana Kumar _bThe novels of doris lessing and nadine gordimer / |
||
| 260 |
_aNew Delhi _bArya Publishing House _c2006 |
||
| 270 |
_bNew Delh _a1569/30 Naiwala, Karol Bage, _e110005 |
||
| 300 |
_a82p. _c22cm (Hb) |
||
| 500 | _aIncludes bibliographical references | ||
| 700 | _911824 | ||
| 942 |
_2ddc _cEN _h883.08 _mARC |
||
| 999 |
_c41414 _d41414 |
||